<?xml version="1.0" encoding="UTF-8"?>
<record
    xmlns:xsi="http://www.w3.org/2001/XMLSchema-instance"
    xsi:schemaLocation="http://www.loc.gov/MARC21/slim http://www.loc.gov/standards/marcxml/schema/MARC21slim.xsd"
    xmlns="http://www.loc.gov/MARC21/slim">

  <leader>02518cam a2200337 a 4500</leader>
  <controlfield tag="001">16194990</controlfield>
  <controlfield tag="005">20170105102934.0</controlfield>
  <controlfield tag="008">100420s2009    enkb          001 0 eng d</controlfield>
  <datafield tag="010" ind1=" " ind2=" ">
    <subfield code="a">  2010292658</subfield>
  </datafield>
  <datafield tag="020" ind1=" " ind2=" ">
    <subfield code="a">9780521767217 (hardback)</subfield>
  </datafield>
  <datafield tag="020" ind1=" " ind2=" ">
    <subfield code="a">0521767210</subfield>
  </datafield>
  <datafield tag="035" ind1=" " ind2=" ">
    <subfield code="a">(OCoLC)ocn311769437</subfield>
  </datafield>
  <datafield tag="040" ind1=" " ind2=" ">
    <subfield code="a">BTCTA</subfield>
    <subfield code="c">BTCTA</subfield>
    <subfield code="d">YDXCP</subfield>
    <subfield code="d">BWK</subfield>
    <subfield code="d">CUD</subfield>
    <subfield code="d">BWX</subfield>
    <subfield code="d">SUC</subfield>
    <subfield code="d">FDA</subfield>
    <subfield code="d">VPI</subfield>
    <subfield code="d">DLC</subfield>
  </datafield>
  <datafield tag="042" ind1=" " ind2=" ">
    <subfield code="a">lccopycat</subfield>
  </datafield>
  <datafield tag="043" ind1=" " ind2=" ">
    <subfield code="a">a-pk---</subfield>
    <subfield code="a">a-ii---</subfield>
  </datafield>
  <datafield tag="050" ind1="0" ind2="0">
    <subfield code="a">DS485.K1943</subfield>
    <subfield code="b">A89 2009</subfield>
  </datafield>
  <datafield tag="082" ind1=" " ind2=" ">
    <subfield code="a">959</subfield>
    <subfield code="b">ASY 2009</subfield>
  </datafield>
  <datafield tag="245" ind1="0" ind2="0">
    <subfield code="a">Asymmetric warfare in South Asia :</subfield>
    <subfield code="b">the causes and consequences of the Kargil Conflict /</subfield>
    <subfield code="c">edited by Peter R. Lavoy.</subfield>
  </datafield>
  <datafield tag="260" ind1=" " ind2=" ">
    <subfield code="a">Cambridge ;</subfield>
    <subfield code="a">New York :</subfield>
    <subfield code="b">Cambridge University Press,</subfield>
    <subfield code="c">2009.</subfield>
  </datafield>
  <datafield tag="300" ind1=" " ind2=" ">
    <subfield code="a">xvii, 407 p. :</subfield>
    <subfield code="b">maps ;</subfield>
    <subfield code="c">24 cm.</subfield>
  </datafield>
  <datafield tag="500" ind1=" " ind2=" ">
    <subfield code="a">Includes index.</subfield>
  </datafield>
  <datafield tag="505" ind1="0" ind2=" ">
    <subfield code="a">Part 1, Causes and conduct of the conflict. The strategic context of the Kargil conflict : a Pakistani perspective / Zafar Iqbal Cheema ; Pakistan's motivations and calculations for the Kargil conflict / Feroz Hassan Khan, Peter R. Lavoy, and Christopher Clary ; Military operations in the Kargil conflict / John H. Gill ; American diplomacy and the 1999 Kargil  Summit at Blair House / Bruce Riedel ; Kargil : the nuclear dimension / Timothy D. Hoyt ; Why Kargil did not produce general war : the crisis-management strategies of Pakistan, India, and the United States / Peter R. Lavoy -- Part 2, Consequences and impact of the conflict. Surprise at the top of the world : India's systemic and intelligence failure / James J. Wirtz and Surinder Rana ; Militants in the Kargil conflict : myths, realities, and impacts / C. Christine Fair ; The impact of the Kargil conflict and Kashmir on Indian politics and society / Praveen Swami ; The Kargil conflict's impact on Pakistani politics and society / Saeed Shafqat -- Part 3, Lessons learned. The lessons of Kargil as learned by India / Rajesh M. Basrur ; The lessons of Kargil as learned by Pakistan / Hasan-Askari Rizvi ; The Kargil crisis : lessons learned by the United States / Rodney W. Jones and Joseph McMillan ; Kargil, deterrence, and international relations theory / Robert Jervis.</subfield>
  </datafield>
  <datafield tag="650" ind1=" " ind2="0">
    <subfield code="a">Kargil War, 1999.</subfield>
  </datafield>
  <datafield tag="651" ind1=" " ind2="0">
    <subfield code="a">Kargil (India)</subfield>
    <subfield code="x">History, Military.</subfield>
  </datafield>
  <datafield tag="651" ind1=" " ind2="0">
    <subfield code="a">India</subfield>
    <subfield code="x">Foreign relations</subfield>
    <subfield code="z">Pakistan.</subfield>
  </datafield>
  <datafield tag="651" ind1=" " ind2="0">
    <subfield code="a">Pakistan</subfield>
    <subfield code="x">Foreign relations</subfield>
    <subfield code="z">India.</subfield>
  </datafield>
  <datafield tag="700" ind1="1" ind2=" ">
    <subfield code="a">Lavoy, Peter R.</subfield>
    <subfield code="q">(Peter Ren&#xE9;),</subfield>
    <subfield code="d">1961-</subfield>
  </datafield>
  <datafield tag="906" ind1=" " ind2=" ">
    <subfield code="a">7</subfield>
    <subfield code="b">cbc</subfield>
    <subfield code="c">copycat</subfield>
    <subfield code="d">2</subfield>
    <subfield code="e">ncip</subfield>
    <subfield code="f">20</subfield>
    <subfield code="g">y-gencatlg</subfield>
  </datafield>
  <datafield tag="942" ind1=" " ind2=" ">
    <subfield code="2">ddc</subfield>
    <subfield code="c">BK</subfield>
  </datafield>
  <datafield tag="999" ind1=" " ind2=" ">
    <subfield code="c">16195</subfield>
    <subfield code="d">16195</subfield>
  </datafield>
  <datafield tag="952" ind1=" " ind2=" ">
    <subfield code="0">0</subfield>
    <subfield code="1">0</subfield>
    <subfield code="4">0</subfield>
    <subfield code="7">0</subfield>
    <subfield code="8">NFIC</subfield>
    <subfield code="a">CIPS</subfield>
    <subfield code="b">CIPS</subfield>
    <subfield code="c">GEN</subfield>
    <subfield code="d">2015-08-20</subfield>
    <subfield code="l">0</subfield>
    <subfield code="o">959 ASY 2009</subfield>
    <subfield code="p">CIPS0002636</subfield>
    <subfield code="r">2015-08-20</subfield>
    <subfield code="w">2015-08-20</subfield>
    <subfield code="y">BK</subfield>
  </datafield>
</record>
